000 00738nam a2200253Ia 4500
001 dia_1848
003 CHAP
005 20251027154319.0
008 220117s1982 xx 000 0 und d
010 _a172384
040 _cCHAP
082 _a631.8 B4
100 1 _aBerlijn, Johan D.
_911826
245 _aMaquinaria para Fertilización, Siembra y Transplante /
_c por Johan D. Berlijn
260 _aMéxico, Sep :
_b Trillas,
_c1982
300 _a78 p.
400 _aMANUALES PARA EDUCACIÓN AGROPECUARIA
650 _a1.Maquinaria agrícola/
650 _aCampo
_xmecanización.
_9151695
901 _a631.8 B4
902 _aM
905 _a0000001982 MEXA 0000000000ESP00
942 _cLIBRO
_2ddc
999 _c172384
_d172384